Дело о смерти отставных служителей ведомства Конторы, бывших в Чесменской военной богадельне

Доступно только в Электронных читальных залах Найти на картеНа карте
RUSMARC
00003623nmc2a22002413x 450
0013940238a-b027-490a-b53f-81bc8027538a
00520240322233049.0
100##$a20231128l18451845k l0rusy0189 ca
1010#$arus
102##$aRU
105##$ay###
1222#$ad
2001#$aДело о смерти отставных служителей ведомства Конторы, бывших в Чесменской военной богадельне
$j14-29 декабря 1845 г.
215##$a25 л.
$d37,5х25 см
251##$cДело
300##$aДело
371##$aДокумент не является опубликованным и широко распространяемым
461#0$1001625a9a7e-a890-4307-a7fe-826a2289a412
$12001
$aГоф-интендантская контора МИДв
$1251
$cФонд
$1852
$j470
462#0$1001d48ac422-0de0-4592-8293-8ea507e0d5af
$12001
$aПо личному составу
$1251
$cОпись
$1852
$j4
$l533-1539
801#0$aRU
$bРГИА
$c20231128
$gRCR
801#1$aRU
$bГлавНИВЦ
$c20231128
$2rusmarc
801#2$aRU
$bПБ им. Б.Н. Ельцина
$c20240322
$gRCR
$2rusmarc
850##$aРГИА
852##$aРГИА
$eФедеральное казенное учреждение "Российский государственный исторический архив" (РГИА)
$j219
937##$hРГИА
$d12409612
$aASBIBLIO_SCAN
035##$aRusGRCC00070627
856##$uhttp://readingroom.main.prlib.ru/item.aspx?id_node=n191553510&mode=full
Формат отображения